[Event "EU-Cup 18th"]
[Site "Kallithea"]
[Date "2002.09.22"]
[Round "1.1"]
[White "Azmaiparashvili, Zurab"]
[Black "Agrest, Evgenij"]
[Result "1-0"]
[WhiteElo "2676"]
[BlackElo "2599"]
[Annotator "Ftacnik,L"]
[PlyCount "81"]
[EventDate "2002.09.22"]
[EventType "team-swiss"]
[EventRounds "7"]
[EventCountry "GRE"]
[SourceTitle "CBM 092"]
[Source "ChessBase"]
[SourceDate "2003.02.06"]
[SourceVersion "1"]
[SourceVersionDate "2003.02.06"]
[SourceQuality "1"]
[WhiteTeam "Kiseljak"]
[BlackTeam "Sollentuna"]
[WhiteTeamCountry "BIH"]
[BlackTeamCountry "SWE"]

1. d4 {Wells} Nf6 2. c4 e6 3. Nf3 b6 4. a3 Ba6 5. Qa4 Be7 6. Nc3 Bb7 7. Bf4 O-O
8. Rd1 d5 9. e3 Qc8 {This move in such an early stage makes a strange
impression.} (9... Nbd7 $5 10. cxd5 (10. Nb5 c5 11. Nd6 Bxd6 12. Bxd6 Re8 13.
dxc5 (13. cxd5 exd5 14. Be2 Ne4 $11) 13... Nxc5 14. Bxc5 bxc5 15. cxd5 exd5 16.
Be2 d4 $15) 10... Nxd5 11. Nxd5 Bxd5 12. Bd3 Bd6 $11) 10. cxd5 (10. Nb5 Na6 11.
Bd3 Rd8 $13) 10... exd5 (10... Nxd5 11. Nxd5 Bxd5 12. Bd3 Bd6 13. Bxd6 cxd6 14.
e4 $14) 11. Bd3 c5 12. O-O Nbd7 $6 (12... c4 13. Bb1 a6 $1 14. Rc1 b5 15. Qc2
Re8 $11) 13. Bf5 $1 g6 14. Bh3 Bc6 15. Qc2 Qb7 (15... c4 16. Ne5 $16) 16. Bg5
Rfe8 (16... Bd6 17. Ne5 Nxe5 18. Bxf6 Nd7 19. Bxd7 Qxd7 20. e4 c4 21. e5 Be7
22. Bxe7 Qxe7 23. f4 $14) 17. Rfe1 Rad8 (17... Bd6 18. Rc1 Ne4 19. Nxe4 dxe4
20. Nd2 $14) 18. b4 $5 {Maybe not the very best move, but certainly a very
challenging continuation for the defender.} cxb4 (18... a6 19. bxc5 bxc5 20.
Bxd7 Nxd7 21. Bxe7 Rxe7 22. dxc5 Nxc5 23. Nd4 $16) 19. axb4 Bxb4 (19... a6 20.
Rc1 Bxb4 $140 $6 21. Bxd7 Nxd7 22. Bxd8 Rxd8 $16) 20. Ne5 {'!' Wells. Wells:
'This is the point - to remove the important c6 bishop, not a great piece in
itself, but a key defender of black's absolutely pivotal hold in the centre -
his d5 pawn.'} (20. Bxd7 $2 Bxd7 {'!' Wells.} 21. Bxf6 Rc8 $17 22. Rd3 Bb5 {
white cannot save the extra material due to} 23. Qb3 Bxd3 24. Qxb4 Qc6 $1 {
[%csl Rc3,Rf6]}) 20... Be7 $6 (20... Nxe5 21. Bxf6 Nc4 22. Bxd8 Rxd8 23. Ra1
$14) (20... Ra8 $5 21. Rb1 (21. Qb3 a5 22. Nxc6 Qxc6 23. Rc1 Qc4 24. Qb2 Bxc3
25. Rxc3 Qxd4 26. Rec1 Qe5 $15) 21... a5 22. Bxf6 Nxf6 23. Rec1 Bd7 24. Nxd7
Nxd7 25. Na2 $11) 21. Nxc6 Qxc6 22. Qb3 Qb7 (22... a5 23. Rb1 Qc4 24. Qb2 Ra8
25. Rec1 $14) (22... Qc4 23. Qb2 Bb4 24. Rc1 Bxc3 25. Rxc3 Qxd4 26. f4 $1 (26.
exd4 $4 Rxe1#) 26... Qe4 27. Ra3 d4 28. Bxd7 $16) 23. g3 $1 {[%mdl 32] It
becomes clear, that Azmaiparashvili has managed a perfect trade. For the b
pawn he is getting black's critical central d5 one.} Nf8 {'?' Wells. Wells:
'Black is strangely stuck for constructive moves, but it is a fairly common
idea in the Queen's Gambit that white should often effect an exchange on f6 at
the moment when black cannot recapture with the knight which would retain a
hold on the central light squares, but must re-take rather with the bishop. In
this case d5 is thus fatally weakened, and black's position just falls apart.'}
(23... Ne4 24. Bxe7 Rxe7 25. Nxd5 $16) (23... a5 24. Bg2 Qc8 25. Bxf6 Nxf6 26.
Nxd5 Qe6 27. Nxe7+ Rxe7 28. Qb5 $16) 24. Bxf6 {'!' Wells.} Bxf6 25. Bg2 Bg7 26.
Nxd5 {Wells: 'and the light-square hold is devastating and total. Black's
queen-side pawns will be no contest for white's mobile centre.'} Qd7 27. Ra1
Rb8 (27... b5 28. Reb1 Rb8 29. Qa3 Rb7 30. Qa6 $18) 28. Rec1 Ne6 (28... a5 29.
Rc7 Qd8 30. Qb5 $16) 29. Ra6 $1 {White pieces are so active, that black will
have to defend a7 pawn.} Kh8 (29... Rec8 30. Rxc8+ Rxc8 31. Qa3 $18) 30. Qa2
Rec8 31. Rxc8+ Qxc8 32. Rxa7 b5 (32... Qc1+ 33. Bf1 Ng5 34. Rb7 Rd8 35. Rxb6
Nf3+ 36. Kg2 Ne1+ 37. Kh1 $18) 33. h4 b4 34. Qb3 Qc1+ 35. Kh2 Qe1 (35... Qd2
36. Rxf7 Nd8 37. Re7 $18) 36. Rxf7 Nd8 37. Re7 Nc6 38. Rc7 Na5 39. Qa4 b3 (
39... Qxf2 40. Qxa5 b3 41. Qa7 Rg8 42. Rxg7 Rxg7 43. Qb8+ Rg8 44. Qe5+ Rg7 45.
Nf6 $18) 40. Qd7 {Agrest has misserable piece coordination, white's win in
direct attack is rather easy.} Rg8 41. Nf6 1-0

[Event "Dos Hermanas-A"]
[Site "Dos Hermanas"]
[Date "2003.04.03"]
[Round "7"]
[White "Dreev, Alexey"]
[Black "Tiviakov, Sergei"]
[Result "1-0"]
[WhiteElo "2690"]
[BlackElo "2635"]
[Annotator "Ftacnik,L"]
[PlyCount "51"]
[EventDate "2003.03.28"]
[EventType "tourn"]
[EventRounds "9"]
[EventCountry "ESP"]
[EventCategory "16"]
[SourceTitle "CBM 095"]
[Source "ChessBase"]
[SourceDate "2003.07.25"]
[SourceVersion "1"]
[SourceVersionDate "2003.07.25"]
[SourceQuality "1"]

1. d4 Nf6 2. c4 e6 3. Nf3 b6 4. a3 Bb7 5. Nc3 d5 6. cxd5 Nxd5 7. Bd2 Nd7 8.
Nxd5 Bxd5 9. Qc2 c5 10. e4 Bb7 11. d5 exd5 12. exd5 Bd6 13. O-O-O O-O 14. Bb5
$5 {The novelty in the position, that was favouring black in previous games.
Dreev has prepared the improvement over his game with Karpov.} h6 15. Bc3 Nf6 (
15... a6 16. Bc6 Qc7 17. Bxb7 Qxb7 18. Nh4 $36) 16. Bc6 Rb8 (16... Bxc6 17.
dxc6 Rc8 18. Qf5 Rxc6 19. Ne5 Rc7 20. Nc4 Rd7 21. Bxf6 gxf6 22. Qf3 $1 Kh8 23.
Qe3 $16) 17. h4 Ng4 (17... Bc8 18. Ng5 $1 Bf4+ 19. Kb1 g6 20. Ne6 $16) 18. Kb1
Bc8 (18... Bxc6 19. dxc6 Qc7 (19... Rc8 20. Ng5 hxg5 21. hxg5 Nh2 22. g3 Qxg5
23. Rxh2 $18) 20. Rhf1 Qxc6 21. Bxg7 $1 Kxg7 22. Nd4 Qxg2 23. Rg1 $18) 19. Rde1
g6 $2 {[%mdl 128] Tiviakov has probably not noticed, how very active are all
white pieces, the move 19...g6? seriously weakens the defense of the black
king.} (19... b5 $1 20. Re2 g6 21. Re6 Bxe6 22. dxe6 f5 23. h5 b4 24. axb4 cxb4
25. Bd4 g5 $13) 20. Re6 $5 Bxe6 (20... Kh7 21. h5 Bxe6 22. dxe6 f5 (22... Nf6
23. Ng5+ hxg5 24. hxg6+ Kg8 25. gxf7+ Rxf7 26. exf7+ Kxf7 27. Rh7+ $18) 23.
hxg6+ Kxg6 24. Nh4+ Kg5 25. Bd2+ Bf4 26. Bxf4+ Kxf4 27. e7 $18) 21. dxe6 f5 (
21... Nf6 22. h5 Qe7 (22... Nxh5 23. exf7+ Kxf7 24. Qb3+ Ke7 25. Re1+ $18) 23.
exf7+ Qxf7 24. Bb5 gxh5 25. Bc4 $18) 22. h5 {The position palys by itself for
white, without the support of f5 square black will be helpless.} gxh5 (22... g5
23. e7 $3 Bxe7 (23... Qxe7 24. Bd5+ Kh7 25. Re1 Qd8 26. Be6 $18) 24. Rd1 Qc7
25. Bd5+ Kh7 26. Be6 Qf4 27. Rd5 $18) 23. Rxh5 Qe7 (23... Rc8 24. Rxf5 Nf6 (
24... Rxc6 25. Rf7 $18) 25. Rd5 Rc7 26. Be5 $18) 24. Nh4 Qxe6 (24... Be5 25.
Nxf5 Rxf5 26. Rxf5 Qxe6 27. Qe4 $18) 25. Nxf5 Be5 (25... Rf6 26. Qd1 Nxf2 27.
Qf3 $18) 26. Bd5 $1 1-0

[Event "EU-ch 3rd"]
[Site "Batumi"]
[Date "2002.06.14"]
[Round "3"]
[White "Bagirov, Rufat"]
[Black "Graf, Alexander"]
[Result "0-1"]
[WhiteElo "2516"]
[BlackElo "2623"]
[Annotator "Ftacnik,L"]
[PlyCount "64"]
[EventDate "2002.06.12"]
[EventType "swiss"]
[EventRounds "13"]
[EventCountry "GEO"]
[SourceTitle "CBM 090"]
[Source "ChessBase"]
[SourceDate "2002.09.20"]
[SourceVersion "1"]
[SourceVersionDate "2002.09.20"]
[SourceQuality "1"]

1. d4 Nf6 2. c4 e6 3. Nf3 b6 4. a3 Bb7 5. Nc3 d5 6. Bg5 Be7 7. Qa4+ Qd7 8. Qc2
dxc4 9. e3 (9. e4 b5 10. Rd1 a6 11. Be2 h6 (11... Qc8 12. a4 b4 13. Bxf6 Bxf6
14. e5 Be7 15. Ne4 b3 16. Qb1 Qd7 17. O-O Bd5 18. Rc1 Qxa4 19. Ned2 Nc6 20.
Bxc4 {1/2-1/2 Sokolov,I-Van der Wiel,J/Leeuwarden 2002/ (27)}) 12. Bh4 Qd8 13.
O-O O-O 14. Ne5 c5 15. d5 exd5 16. exd5 Nfd7 17. Bxe7 Qxe7 18. Ng4 f5 19. Ne3
f4 20. Nf5 Qg5 21. Nd6 Ne5 22. f3 {1-0 Neverov,V-Stefanova,A/Reykjavik/2002/ 
(59)}) 9... O-O (9... Bxf3 10. gxf3 b5 11. Bxf6 (11. Rg1 c6 12. a4 a6 13. f4 g6
14. axb5 cxb5 15. Bg2 Ra7 16. d5 exd5 17. O-O-O Qf5 18. Qxf5 gxf5 19. Bxf6 Bxf6
20. Nxd5 Bh4 21. Bh3 {1/2-1/2 Sokolov,I-Leko,P/Prague 2002/ (42)}) 11... Bxf6
12. a4 (12. f4 a5 13. Bg2 Ra7 14. Rd1 c6 15. h4 h6 16. Ne4 Be7 17. Ng3 f5 18.
e4 O-O 19. Ne2 fxe4 20. Bxe4 Bd6 21. Qc3 Bxf4 22. Rg1 Qd8 {0-1 Pinter,J-Balogh,
C/Budapest 2000/ (42)}) 12... c6 13. axb5 cxb5 14. Qe4 O-O 15. f4 Nc6 (15...
Rc8 16. Bg2 (16. Bh3 Nc6 17. Nxb5 Rab8 18. Nc3 Rxb2 19. O-O Rb3 20. Ne2 Ne7 21.
Rfc1 {1/2-1/2 Piket,J-Khalifman,A/Wijk aan Zee/2002/ (59)}) 16... Nc6 17. O-O
Rab8 18. Bh3 b4 19. Na4 Rd8 20. Nc5 Qd5 21. Bg2 Nxd4 22. exd4 Bxd4 23. Na4 {
1/2-1/2 Bacrot,E-Gershon,A/Bermuda 1999/ (23)}) 16. Nxb5 e5 17. fxe5 Nxe5 18.
Nc3 Nc6 19. Qd5 Qe8 20. Bg2 Nxd4 21. Qxa8 {1/2-1/2 Gelfand,B-Lautier,J/Biel
1997/ (21)}) 10. Bxc4 c5 11. O-O-O (11. dxc5 Bxc5 12. Bd3 h6 13. Bxf6 gxf6 14.
Be4 Nc6 15. Rd1 Qc8 16. Na4 Be7 17. Rc1 Na5 18. Qd1 Qb8 19. Bxb7 Qxb7 20. O-O {
1/2-1/2 Gelfand,B-Karpov,A/Dortmund 1997/ (20)}) 11... cxd4 12. Nxd4 $6 {
The pawn structure is symmetrical and pieces work for both sides, but white
king on c1 is a liability. Bagirov needed a better move to compensate for this
potential problem.} (12. Rxd4 Qc8 13. Bd3 h6 14. Rc4 Nc6 $11) 12... Qc8 13. Ba2
(13. Bd3 h6 14. Bf4 Nbd7 $15) 13... Rd8 14. f3 (14. f4 h6 15. Bxf6 Bxf6 16. Bb1
g6 $15) 14... Nc6 15. Ndb5 (15. Bb1 Nxd4 16. Rxd4 Qc5 17. f4 h6 $17) 15... a6
16. Rxd8+ (16. Bxf6 Bxf6 17. Nd6 Qc7 18. Nxb7 Qxb7 19. Bb1 g6 20. Ne4 Be7 $15)
16... Qxd8 17. Rd1 Qb8 $1 18. Bxf6 (18. Nd4 Nxd4 19. Rxd4 Qxh2 20. Bf4 Qh5 $17)
18... Bxf6 19. Nd6 Nd4 $1 {[%mdl 64] Tactics works for Graf in a dreamlike
fashion, white will struggle without bishop's pair and a good pawn structure.}
20. exd4 (20. Rxd4 Bxd4 21. Nxb7 Bxe3+ 22. Kb1 Qxb7 $19) 20... Qxd6 21. d5 (21.
Ne4 Bxe4 (21... Qxh2 22. Nxf6+ gxf6 23. Kb1 Rd8 $17) 22. Qxe4 Rd8 23. d5 Qc7+
24. Kb1 Qxh2 25. f4 $15) 21... Bxc3 22. dxe6 (22. bxc3 exd5 (22... Qxa3+ 23.
Qb2 Qxb2+ 24. Kxb2 exd5 25. Bxd5 Bxd5 26. Rxd5 Kf8 $17) 23. Kb2 Re8 $17) 22...
Bd4 (22... Qf4+ 23. Kb1 Bf6 24. exf7+ Kf8 25. Qxh7 Qe5 26. Qc2 Qxh2 $17) 23.
exf7+ Kf8 (23... Kh8 24. Kb1 Qc5 25. Qa4 Bf2 26. Rc1 $132) 24. Kb1 (24. Re1 Qc6
25. Bc4 Rc8 $19) 24... Bd5 $1 {This key move eliminates f7 pawn and with extra
piece the position will be technically won.} 25. Bxd5 (25. Rxd4 Bxa2+ 26. Kxa2
Qxd4 $19) (25. Qxh7 Bxa2+ 26. Kxa2 Kxf7 27. Qf5+ Kg8 28. Qd3 Qe6+ $17) 25...
Qxd5 26. Qxh7 Kxf7 27. Qd3 (27. Rc1 Qe5 28. Qd3 Rd8 $17) 27... Rd8 28. Qxa6 Qb3
29. Rd2 (29. Qb7+ Kg8 30. Rd2 Re8 $19) 29... Bxb2 $1 (29... Re8 30. Qf1 Bc3 31.
Qd1 $17) 30. Qb7+ (30. Rxb2 Rd1#) 30... Kf6 31. Qc6+ Kg5 32. h4+ (32. f4+ Kh5
33. g4+ Kh4 34. Qc2 Qxc2+ 35. Rxc2 Bxa3 $19) 32... Kh5 {White has run out of
excuses, his position is completely lost.} (32... Kh5 33. Qc2 (33. Rxd8 Bxa3+
34. Ka1 Qb2#) 33... Qxc2+ 34. Rxc2 Bxa3 $19) 0-1

[Event "FRA-chT Gp-A"]
[Site "France"]
[Date "2003.02.01"]
[Round "2.1"]
[White "Gurevich, Mikhail"]
[Black "Istratescu, Andrei"]
[Result "1-0"]
[WhiteElo "2634"]
[BlackElo "2593"]
[Annotator "Ftacnik,L"]
[PlyCount "117"]
[EventDate "2003.01.31"]
[EventType "team"]
[EventRounds "7"]
[EventCountry "FRA"]
[SourceTitle "CBM 094"]
[Source "ChessBase"]
[SourceDate "2003.05.26"]
[SourceVersion "1"]
[SourceVersionDate "2003.05.26"]
[SourceQuality "1"]
[WhiteTeam "Gonfreville"]
[BlackTeam "Sautron"]
[WhiteTeamCountry "FRA"]
[BlackTeamCountry "FRA"]

1. d4 Nf6 2. c4 e6 3. Nf3 b6 4. a3 c5 5. d5 Ba6 6. Qc2 exd5 7. cxd5 g6 8. Nc3
Bg7 9. Bf4 d6 10. Qa4+ Qd7 11. Bxd6 Qxa4 12. Nxa4 Nxd5 13. e4 Bxf1 14. Rxf1 Ne7
15. O-O-O Nbc6 16. Nc3 Bxc3 17. bxc3 f6 {Black has reasonable results in this
line despite seemingly strong white bishop on d6.} 18. g4 Rd8 19. Kc2 Kf7 20.
g5 f5 (20... h6 21. gxf6 Kxf6 22. Bc7 Rxd1 23. Rxd1 Rf8 $11) 21. Bxe7 (21. e5
Ke6 22. Rfe1 Nd5 23. c4 $14) 21... Rxd1 (21... Nxe7 22. exf5 Nxf5 23. Ne5+ Kg7
24. Nc6 $14) (21... Kxe7 22. exf5 gxf5 23. Nh4 $14) 22. Rxd1 Kxe7 (22... Nxe7
23. exf5 gxf5 24. Ne5+ Ke6 25. Re1 Re8 26. Nc6+ Kf7 27. Nxa7 $16) 23. exf5 gxf5
24. Nh4 f4 (24... Rf8 25. g6 (25. f4 Ke6 26. Re1+ Kd6 27. Nf3 Ne7 $11) 25...
Rh8 26. g7 Rg8 27. Nxf5+ Ke6 28. Ng3 Rxg7 29. f4 Re7 $11) 25. Re1+ Kd7 26. Re4
Rg8 27. Nf3 (27. Rxf4 Rxg5 28. Rf7+ Ke6 29. Rxh7 Rg4 30. Rh6+ Kd7 31. f3 Rf4
$14) 27... Rf8 28. h4 Kd6 29. c4 a6 30. a4 {[%mdl 4096] This endgame is
already somewhat more pleasant for white.} Nb4+ 31. Kc3 b5 (31... Na2+ 32. Kd2
Nb4 33. h5 $14) 32. axb5 axb5 33. cxb5 Nd5+ 34. Kc2 (34. Kd3 Ra8 35. Ne5 Ra3+
36. Kc2 Ra2+ 37. Kb3 Rxf2) 34... Ra8 35. Ne5 Ra2+ 36. Kb3 Rxf2 37. Nc4+ (37.
Nf7+ Kc7 (37... Kd7 38. Kc4 Nc7 39. Kxc5 Rc2+ 40. Rc4 $16) 38. Re6 f3 39. Rc6+
Kb8 40. Ne5 Rf1 41. Nd7+ Kb7 42. Nxc5+ Kb8 43. Nd7+ Kb7 $11) 37... Kd7 38. Re5
Rf3+ 39. Ka4 (39. Kb2 Rf2+ (39... Rd3 40. b6 Rd4 41. b7 Rxc4 42. b8=Q Rb4+ 43.
Qxb4 Nxb4 44. Kc3 $18) 40. Ka3 Rf3+ 41. Ka4) 39... Rd3 40. b6 f3 41. Kb5 $2 {
Starting the serie of a comically false moves. Both sides are missing best
chances in a position, that was more or less balanced.} (41. Rf5 Nc3+ 42. Ka5
Rd4 43. Nb2 Rb4 44. Rxc5 f2 45. Rxc3 Rxb6 46. Kxb6 f1=Q 47. Nd3 $11) 41... Rb3+
$2 (41... Nc3+ $1 42. Ka6 (42. Kxc5 f2 43. Rf5 Ne4+ 44. Kb4 Rd1 $17 45. b7 Rb1+
46. Ka3 Rxb7 $19) 42... f2 (42... Rd4 43. Rxc5 f2 44. Ne3 Rd3 45. Nf1 Rd1 46.
Rc7+ Ke6 47. Nh2 Nd5 $15) 43. Rf5 Rd4 44. Ne3 Ne4 45. Rf7+ Ke6 46. Rxh7 Rd3 47.
Rh6+ Kd7 48. Nf1 Rd1 $19) 42. Kxc5 Ne7 $2 (42... Nc3 43. Re1 f2 44. Rf1 Rb1 45.
Nd2 Ne4+ 46. Kd5 Re1 47. h5 Rxf1 48. Nxf1 Nxg5 $11) 43. Re1 Nf5 44. Re4 Ng7 (
44... f2 45. Rf4 Nxh4 46. Rxf2 $18) 45. Ne5+ Kc8 46. Ng4 (46. Nxf3 Rxf3 47. Re7
Nf5 48. Rxh7 Rc3+ 49. Kd5 Rb3 $16) 46... Kd7 (46... Nf5 47. Re8+ Kb7 (47... Kd7
48. Nf6#) 48. Rf8 Nxh4 49. Rf7+ Kb8 50. Ne5 $18) 47. Nf6+ Kc8 48. Kc6 Rc3+ 49.
Kd5 Nf5 (49... Rc2 50. Rf4 f2 51. Ne4 Kb7 52. Nxf2 Kxb6 53. Rf6+ Kb5 54. Ne4
$18) 50. Rf4 (50. Rb4 Kb7) 50... Ne7+ (50... Ne3+ $1 {It was still possible to
put up lot of resistance with the better move 50...Ne3!} 51. Ke4 (51. Ke5 Ng2
52. Rb4 Re3+ 53. Kd4 Re7 $14) 51... Ng2 52. Rxf3 Rxf3 53. Kxf3 Nxh4+ 54. Kg4
Ng6 55. Nxh7 (55. Kh5 Nf4+ 56. Kh6 Ne6 57. Nd5 Kb7 $11) 55... Kb7 56. Kf5 Nh4+
57. Ke6 Kxb6 $16) 51. Kd4 Ng6 52. Rf5 Rb3 53. Nd5 $1 Nxh4 54. Rf8+ Kd7 55. Kc4
Rb1 56. Nb4 Rc1+ 57. Kb5 Rc8 58. Rxc8 Kxc8 59. Kc6 1-0

[Event "FRA-chT Gp-B"]
[Site "France"]
[Date "2003.04.05"]
[Round "6.1"]
[White "Tkachiev, Vladislav"]
[Black "Pelletier, Yannick"]
[Result "1-0"]
[WhiteElo "2642"]
[BlackElo "2624"]
[Annotator "Ftacnik,L"]
[PlyCount "61"]
[EventDate "2003.01.31"]
[EventType "team"]
[EventRounds "7"]
[EventCountry "FRA"]
[SourceTitle "CBM 095"]
[Source "ChessBase"]
[SourceDate "2003.07.25"]
[SourceVersion "1"]
[SourceVersionDate "2003.07.25"]
[SourceQuality "1"]
[WhiteTeam "Cannes"]
[BlackTeam "Mulhouse"]
[WhiteTeamCountry "FRA"]
[BlackTeamCountry "FRA"]

1. d4 Nf6 2. c4 e6 3. Nf3 b6 4. a3 Bb7 5. Nc3 d5 6. Qc2 dxc4 7. Bg5 a6 8. e4 b5
9. d5 Be7 10. dxe6 fxe6 11. Rd1 Qc8 12. a4 Nbd7 {[%mdl 4] The line had a bad
reputation for white and would probably keep it after the smart move 12...
Bb4!? Tkachiev could not have claimed any real compensation for the pawn.} (
12... b4 13. Bxf6 gxf6 14. Nb1 c3 15. bxc3 Rg8 $13) (12... Bb4 $5 13. axb5 axb5
14. Bxf6 (14. Nd2 c6 15. Be2 O-O $17) 14... gxf6 15. Nd4 Ra5 16. Qe2 c5 17. Nc2
O-O $17) 13. axb5 axb5 14. Nd4 b4 (14... Bb4 15. f3 $36) 15. Bxc4 bxc3 16. Nxe6
Bxe4 (16... Rg8 17. Qxc3 Bd6 18. f3 $13) (16... Ne5 17. Nxg7+ Kf8 18. Ne6+ Kf7
19. Bb3 $1 c5 20. Nxc5+ Kg6 21. Bxf6 Bxf6 22. Qxc3 Nf3+ 23. Qxf3 Qxc5 24. O-O
$14) 17. Nxg7+ Kf8 18. Ne6+ Ke8 (18... Kf7 19. Nc5+ Kg7 20. Nxe4 $18) 19. Qxc3
Rb8 $6 {Pelletier have landed in very murky waters, but he could have probably
saved the game with the fascinating move 20...Ra4!? The rook on b8 will only
block the scape for the own queen.} (19... Bxg2 20. Rg1 Ra4 $5 (20... Rb8 21.
Ba6 Bb4 22. Bxc8 Bxc3+ 23. bxc3 Rxc8 24. Rxg2 $16) 21. Ng7+ (21. Rxg2 Bb4 22.
Ng7+ Ke7 23. Rxd7+ (23. Nf5+ Kf8 24. Bh6+ Ke8 25. Ng7+ Ke7 26. Nf5+ Kd8 27. Bd2
Bxc3 28. Bxc3 Re8+ $19)) (21. Qc2 Bc6 22. b3 Rxc4 23. bxc4 Ne5 $17) 21... Kf8
22. Ne6+ (22. Rxg2 Bb4 23. Ne6+ Ke8 (23... Ke7 $2 24. Bxf6+ Nxf6 25. Rg7+ Ke8
26. Bb5+ Nd7 27. Rdxd7 Bxc3+ 28. Kd1 Bxg7 29. Nxg7+ Kf8 30. Ne6+ Ke8 31. Rxc7+
Qd7+ 32. Rxd7 Rb4 33. Bc6 Rc4 34. Rxh7+ Rxc6 35. Rxh8+ $18) 24. Ng7+ Ke7 $19)
22... Ke8 $11) 20. O-O Rg8 21. f3 Bf5 (21... Rxg5 22. fxe4 Bb4 (22... Rg6 23.
Ba6 $18) 23. Qh3 Re5 24. Ba6 $18) 22. Bf4 (22. Ba6 Bxe6 23. Bxc8 Rxg5 24. Rfe1
Rxc8 25. Rxe6 $16) 22... Rg6 (22... Bxe6 23. Bxe6 Rg6 24. Rfe1 Qb7 25. Bxd7+
Nxd7 26. Rxe7+ Kxe7 27. Qe3+ Kf8 28. Rxd7 Qb6 29. Qxb6 Rbxb6 30. Be5 $16) 23.
Nxc7+ Kf8 (23... Kd8 24. Ba6 $18) 24. Ba6 Qd8 (24... Rb7 25. Ne6+ $18) 25. Bd3
$1 {Apart from three pawns white enjoys serious tactical chances against the
black defensive forces.} Bxd3 (25... Nh5 $5 26. Qh8+ (26. Bxf5 Nxf4 27. Kh1 Bb4
28. Qd4 Qxc7 (28... Qg5 29. g4) 29. Bxg6 hxg6 30. Qxd7 $16) 26... Rg8 27. Qd4
Rb4 28. Bc4 Rg7 29. Qd5 Rxc4 30. Qxf5+ Kg8 31. Qe6+ Rf7 32. Qxc4 Nxf4 33. Rfe1
Ng6 34. Ne6 $18) 26. Ne6+ Ke8 27. Nxd8 Bxf1 28. Bxb8 Bxg2 29. Bg3 Bxf3 30. Qxf3
Bxd8 31. Kh1 1-0